Stanovenie neistôt metódou Monte Carlo pri kalibrácii meradiel

Salvato in:
Dettagli Bibliografici
Autore principale: Sopkuliak, Peter (Autore)
Altri autori: Palenčár, Rudolf (Relatore della tesi)
Natura: Manoscritto Libro
Lingua:slovacco
Pubblicazione: 2017
Soggetti:
Accesso online:http://is.stuba.sk/zp/portal_zp.pl?podrobnosti=133683
Tags: Aggiungi Tag
Nessun Tag, puoi essere il primo ad aggiungerne!!

MARC

LEADER 00000ntm a22000003a 4500
001 stuzp60158
003 SK-STU
005 20170902210355.2
007 ta
008 150427s2015----xo-----f-mn---000-0-slo-d
040 |a STU  |b slo 
041 0 |a slo 
100 1 |a Sopkuliak, Peter  |u 020020  |4 aut  |U SjF Strojnícka fakulta  |T SjF Ústav automatizácie, merania a aplikovanej informatiky  |X 28825  |U J0020  |Y 802  |7 A000028825 
242 0 1 |a Determination uncertainties by Monte Carlo method for calibration of measuring devices  |y eng 
245 1 0 |a Stanovenie neistôt metódou Monte Carlo pri kalibrácii meradiel 
260 |c 2017 
650 4 |a metóda Monte Carlo  |2 slo 
650 4 |a neistoty  |2 slo 
650 4 |a kalibrácia  |2 slo 
650 4 |a uncertainty  |2 eng 
650 4 |a calibration  |2 eng 
650 4 |a Monte Carlo method  |2 eng 
700 1 |a Palenčár, Rudolf  |u 020020  |k Z1  |4 ths  |U SjF Strojnícka fakulta  |T SjF Ústav automatizácie, merania a aplikovanej informatiky  |X 2375  |U J0020  |Y 802  |7 A000002375 
856 4 |u http://is.stuba.sk/zp/portal_zp.pl?podrobnosti=133683 
996 |b 284J045420  |c J* 118369  |l JJST  |s P  |a 0  |w stuzp60158_0001